Race and criminal justice: a way forward

Guardado en:  
Detalles Bibliográficos
Autor Corporativo: National Association for the Care and Resettlement of Offenders (Otro)
Tipo de documento: Print Libro
Lenguaje:Inglés
Publicado: London 1989
En: The ... report of the NACRO Race Issues Advisory Committee (2)
Año: 1989
Disponibilidad en Tübingen:Disponible en Tübingen.
UB: KB 8 E 3637
Verificar disponibilidad: HBZ Gateway
Servicio de pedido Subito: Pedir ahora.

MARC

LEADER 00000cam a2200000 c 4500
001 1092577947
003 DE-627
005 20251224220439.0
007 tu
008 901213s1989 xx ||||| 00| ||eng c
020 |a 0850691370  |9 0-85069-137-0 
035 |a (DE-627)1092577947 
035 |a (DE-576)022577947 
035 |a (DE-599)BSZ022577947 
035 |a (OCoLC)20636095 
040 |a DE-627  |b ger  |c DE-627  |e rakwb 
041 |a eng 
082 0 |a 364/.941 
245 0 0 |a Race and criminal justice  |b a way forward  |c [NACRO] 
264 1 |a London  |c 1989 
300 |a 32 S. 
336 |a Text  |b txt  |2 rdacontent 
337 |a ohne Hilfsmittel zu benutzen  |b n  |2 rdamedia 
338 |a Band  |b nc  |2 rdacarrier 
490 1 |a The ... report of the NACRO Race Issues Advisory Committee  |v 2 
583 1 |a Archivierung prüfen  |c 20200919  |f DE-640  |z 2  |2 pdager 
710 2 |a National Association for the Care and Resettlement of Offenders  |0 (DE-588)66410-8  |0 (DE-627)101424272  |0 (DE-576)190479388  |4 oth 
810 2 |a National Association for the Care and Resettlement of Offenders  |b Race Issues Advisory Committee  |t The ... report of the NACRO Race Issues Advisory Committee  |v 2  |9 2  |w (DE-627)109257770X  |w (DE-576)02257770X  |7 am 
951 |a BO 
ELC |b 1 
LOK |0 000 xxxxxcx a22 zn 4500 
LOK |0 001 2156037884 
LOK |0 003 DE-627 
LOK |0 004 1092577947 
LOK |0 005 20151022100647 
LOK |0 008 901213||||||||||||||||ger||||||| 
LOK |0 040   |a DE-21  |c DE-627  |d DE-21 
LOK |0 852   |a DE-21 
LOK |0 852 1  |c KB 8 E 3637  |9 00 
LOK |0 935   |a krim 
LOK |0 939   |a 13-12-90  |b l01 
ORI |a SA-MARC-krimdoka001.raw 
SIG |a UB: KB 8 E 3637